[Event "Mitropa Cup 21st"]
[Site "Leipzig"]
[Date "2002.05.06"]
[Round "4.2"]
[White "Pavasovic, Dusko"]
[Black "Groetz, Harald"]
[Result "1-0"]
[WhiteElo "2567"]
[BlackElo "2353"]
[Annotator "Rogozenco,D"]
[PlyCount "93"]
[EventDate "2002.05.03"]
[EventType "team-tourn"]
[EventRounds "9"]
[EventCountry "GER"]
[SourceTitle "CBM 089"]
[Source "ChessBase"]
[SourceDate "2002.08.12"]
[SourceVersion "1"]
[SourceVersionDate "2002.08.12"]
[SourceQuality "1"]
[WhiteTeam "Slovenia"]
[BlackTeam "Austria"]
[WhiteTeamCountry "SLO"]
[BlackTeamCountry "AUT"]

1. e4 c5 2. c3 d5 3. exd5 Qxd5 4. d4 e6 5. Nf3 Nf6 6. Be3 cxd4 7. cxd4 Nc6 8.
Nc3 Qd6 9. a3 Be7 10. Bd3 b6 11. O-O O-O 12. Qe2 Bb7 13. Rad1 Rfd8 (13... Rad8
14. Rfe1 Rfe8 {/\ Qb8 is another way to arrange the pieces. In my opinion it
is safer to place Black's kingside rook on e8 in order to protect e6 once more
and be ready in case of White's advance d4-d5. The other rook shall be placed
either to c8 or d8.}) 14. Rfe1 h6 {Preventing 15.Bg5 (and in some cases Nf3-g5)
.} (14... Rac8 {is the alternative.} 15. Bg5 h6 (15... g6)) 15. Bb1 Bf8 16. Bc1
g6 (16... Ne7 17. Ne5 Nf5 18. d5 $1 Nxd5 19. Qh5 Qe7 20. Bxf5 Nxc3 21. Rxd8 $1
Rxd8 22. Nxf7 Rd5 23. Nxh6+ $1 gxh6 24. Qg4+ Bg7 25. Bxe6+ Kh8 26. Bxh6 $18 {
1-0 Pavasovic,D-Petrosian,A/Bled 1999 (49)}) 17. Ba2 Ne7 18. Ne5 Nf5 19. Bf4
Qe7 {This natural move allows White a nice piece sacrifice. The resulting
position is far from clear though, but from practical point of view easier to
play with white pieces.} (19... Nh5 $5 20. Be3 Bg7 {and Black is okay.}) (19...
Nxd4 20. Qe3 Nh5 (20... g5 21. Bg3 {with many threats}) (20... Qc5 21. b4 $18)
21. Rd2 (21. Bxh6 $2 Bxh6 22. Qxh6 Ne2+ 23. Nxe2 Qxd1) (21. Nxf7 {doesn't work:
} Qc6 $1 (21... Qxf4 22. Nxd8 Rxd8 23. Rxd4 $18) 22. f3 Nxf3+ 23. gxf3 (23.
Qxf3 Qxf3 24. gxf3 Rxd1 25. Rxd1 Nxf4) 23... Rxd1 24. Rxd1 Bc5) 21... g5 (21...
Nxf4 $2 22. Qxf4 Nf3+ 23. gxf3 Qxd2 24. Qxf7+ Kh8 25. Nxg6#) 22. Bxg5 hxg5 23.
Red1 {and White wins back the piece keeping the positional advantage.}) 20.
Nxf7 $5 {A courageous and well-calculated decision. White gets two pawns and a
strong initiative for the piece. For Pavasovic this sacrifice wasn't probably
too difficult to finde, since in the above mentioned game he already
sacrificed a knight on f7...} Kxf7 21. Bxe6+ Kg7 22. d5 Kh7 (22... Nd6 23. Rd3
$5 {bringing the rook into attack} g5 (23... Ba6 24. Rh3 Bxe2 25. Bxh6+ Kh7 26.
Bxf8+ $18) 24. Rg3 Kh8 25. Be5 Bg7 26. f4 gxf4 27. Bxf4 $44) (22... Kh8 23. Qc2
$5 (23. Be5 $6 Bg7) (23. Qf3 {This forces a draw after} Nd6 24. Bc8 Qf7 25. Be6
Qe7 (25... Qg7 26. Bxh6 Qxh6 27. Qxf6+) 26. Bc8 $11) 23... Qh7 24. Be5 Bg7 $13
{For the moment black queen makes a poor impression on h7, but Black has
several ways to solve the problems: Bc8, or Ng4, or Nd6 and g5.}) 23. Qf3 Ng7 (
23... Qg7 24. Be5 $16) 24. Bg8+ Nxg8 25. Rxe7 Bxe7 26. Be5 Rf8 27. Qd3 Bc5 $6 (
27... Rf5 $142 28. f4 Bc5+ 29. Kh1 Nf6 $13) 28. Ne4 Rad8 29. Bxg7 Kxg7 30. Nxc5
bxc5 31. Qc3+ Nf6 32. Qxc5 Rxd5 (32... Bxd5 33. Qxa7+ Rd7 34. Qc5 $16) 33. Rxd5
Bxd5 34. Qxa7+ Rf7 35. Qc5 $16 {In connection with the advance of the
queenside pawns white queen is much stronger than black pieces, which cannot
find a way to create any threats.} Bb7 (35... Bb3 36. Qb4 Rc7 37. h3 $16) 36.
b4 g5 37. a4 {The pawns decide the game. Black pieces are not able to stop
them.} Rd7 38. h3 g4 39. Kh2 gxh3 40. Kxh3 Rd3+ 41. f3 Kg6 42. a5 Rd5 43. Qc4
Rd2 44. b5 Bd5 45. Qb4 Rc2 46. Qb1 Be6+ 47. g4 1-0

[Event "RUS-ch 54th"]
[Site "Elista"]
[Date "2001.05.07"]
[Round "7"]
[White "Potkin, Vladimir"]
[Black "Shariyazdanov, Andrey"]
[Result "0-1"]
[WhiteElo "2512"]
[BlackElo "2594"]
[Annotator "Rogozenco,D"]
[PlyCount "52"]
[EventDate "2001.04.29"]
[EventType "swiss"]
[EventRounds "9"]
[EventCountry "RUS"]
[SourceTitle "CBM 083"]
[Source "ChessBase"]
[SourceDate "2001.07.05"]
[SourceVersion "1"]
[SourceVersionDate "2001.07.05"]
[SourceQuality "1"]

1. e4 c5 2. c3 d5 3. exd5 Qxd5 4. d4 Nf6 5. Be3 {Logical move, but it doesn't
fit to the classical rule to develop knights before bishops. In the modern
chess classical rules are rather ignored anyway. From the strong players GM
Rozentalis uses sometimes 5.Be3. Black has several ways to achieve comfortable
position.} Bg4 (5... cxd4 6. cxd4 Bg4 7. f3 Qe6 8. Kf2 Nd5 9. Bc1 Bf5 10. Bc4
Qd7 11. Nc3 Nxc3 12. bxc3 Nc6 13. Ne2 e5 14. Ng3 Bg6 15. Re1 O-O-O 16. Be3 exd4
17. cxd4 Bb4 18. Qa4 Bxe1+ 19. Rxe1 Rhe8 (19... Qc7 $5 {/\Qa5}) 20. d5 $40 {
1/2-1/2 Rozentalis,E-Akesson,R/Gausdal NOR 2001}) (5... Ng4 $6) 6. Ne2 $6 (6.
f3 cxd4 7. cxd4 Bd7 {White has some lead in development, but the pawn on f3
looks a bit ugly, so the chances are about equal.} 8. Nc3 Qa5 9. Bc4 e6 10.
Nge2 Be7 11. O-O O-O 12. Qd2 Nc6 13. Rad1 Rac8 14. a3 Qc7 15. Ba2 Na5 16. Qd3
Nc4 17. Bc1 b5 $11 {1/2-1/2 Rozentalis,E-Lutz,C/Germany 1997 (52)}) 6... Nc6 $1
{It makes no sense to take on d4 and thus help White to develop the Knight on
c3. The practice shows that after 7.dxc5 Black gets a dangerous initiative, so
6. ... Nc6 is stronger than taking on d4.} (6... cxd4 7. cxd4 e6 8. Nbc3 Qd7 9.
Qb3 (9. h3 Bh5 10. g4 Bg6 11. Nf4 Bb4 12. Nxg6 hxg6 13. Bg2 $11 {1/2-1/2
Potkin,V-Belov,V/St Petersburg 1998 (28)}) 9... Nc6 10. Ng3 Bd6 11. f3 Bxg3+
12. hxg3 Bf5 13. Rd1 Rd8 14. Qa3 Qe7 15. Qxe7+ Kxe7 $11 {0-1 Potkin,
A-Doronenkov,A/St Petersburg 1998 (63)}) 7. dxc5 (7. h3 Bh5 8. Rg1 {If White
must play such moves, the evaluation of the whole line is out of question -
Black is just better.} e5 9. g4 Bg6 10. dxc5 Qxd1+ 11. Kxd1 O-O-O+ (11... Nd5
12. b4 a5 13. b5 Nxe3+ 14. fxe3 Na7 $17) 12. Kc1 Nd5 13. b4 Be7 14. Bd2 h5 15.
g5 h4 16. a4 a5 $17 {1/2-1/2 Penttinen,J-Rytshagov,M/Tampere 2000 (58)}) 7...
Qxd1+ 8. Kxd1 Nd5 $44 9. h3 Bh5 10. Nd2 O-O-O (10... e5 $5 11. g4 (11. Kc1 Nxe3
12. fxe3 Bxc5 $19) (11. Nb3 O-O-O 12. Kc1 Nxe3 13. fxe3 f6 $44) 11... Bg6 12.
b4 Be7 (12... a5 13. Bg2 Nxe3+ 14. fxe3 $13) 13. Bg2 O-O-O $44) 11. Kc1 e6 {
Black keeps e5 square for his knight. On the other hand White gets squares f4
and d4 for his pieces as well, so I would prefer e7-e5 instead.} 12. Nb3 Nxe3
13. fxe3 Be7 14. Nf4 Bg6 {Now Black cannot keep the bishop.} ({After} 14... Bd1
$6 15. Nd4 Ba4 16. b3 {he must take on d4, which improves a lot White's
strucure.}) 15. Nxg6 hxg6 {Black still has a good compensation for the pawn.
However, it seems he could have tried to get more out of the position.} 16. Kc2
Ne5 17. Bb5 (17. Be2 {Can't see why the pawn on a6 should be in White's favour.
}) 17... a6 18. Be2 Kc7 19. Rad1 Rxd1 20. Rxd1 Bg5 21. e4 (21. Re1 {Looks more
logical, see the prevoius comment.} Rh4 (21... Bxe3 $2 22. Bxa6 $16) 22. Bd3 {
White must try to avoid playing e3-e4.}) 21... Rh4 22. Bd3 Rf4 23. Re1 Be7 24.
Kd2 Rf2+ 25. Re2 Rf1 26. Na5 $4 {Blunder in an worse position.} (26. Kc2 Kc6 $5
$15 {/-/+ of course White can defend here, but it is not an easy task anyway.}
27. Na5+ $6 Kxc5 28. Nxb7+ $140 $4 Kb6 $19) 26... Bg5+ (26... Bg5+ 27. Kc2 Rc1+
28. Kb3 Nxd3 $19) 0-1

[Event "EU-ch 2nd"]
[Site "Ohrid"]
[Date "2001.06.01"]
[Round "1"]
[White "Rabiega, Robert"]
[Black "Sakaev, Konstantin"]
[Result "0-1"]
[WhiteElo "2517"]
[BlackElo "2637"]
[Annotator "Rogozenco,D"]
[PlyCount "82"]
[EventDate "2001.06.01"]
[EventType "swiss"]
[EventRounds "13"]
[EventCountry "YUG"]
[SourceTitle "CBM 084"]
[Source "ChessBase"]
[SourceDate "2001.09.13"]
[SourceVersion "1"]
[SourceVersionDate "2001.09.13"]
[SourceQuality "1"]

1. e4 c5 2. c3 Nf6 3. e5 Nd5 4. Nf3 e6 5. Bc4 d6 6. O-O {Other options give
Black good play as well:} (6. exd6 Bxd6 7. O-O O-O 8. d4 cxd4 9. cxd4 Nd7 10.
Nc3 Nxc3 11. bxc3 b6 12. Qe2 Bb7 13. Bd3 Qc7 14. c4 e5 $17 {1/2-1/2 Rabiega,
R-Rublevsky,S/Frankfurt 2000 (87)}) (6. d4 {In my opinion the best move,
although Black seem to be doing okay here too:} Nc6 7. O-O dxe5 8. dxe5 Be7 9.
Qe2 a6 10. a4 b6 11. Nbd2 Qc7 12. Re1 Bb7 13. Nf1 Na5 14. Ba2 O-O-O 15. Ng3 h6
16. Bd2 g5 $132 {0-1 Gomez Baillo,J-Zarnicki,P/Trelew 1995 (30)}) 6... dxe5 7.
Nxe5 Bd6 8. d4 O-O 9. Qe2 $6 (9. Nd2 cxd4 10. cxd4 Nc6 11. Ndf3 Nce7 $13 {
1-0 Rozentalis,E-Vaulin,A/Bydgoszcz 2000 (32)}) 9... Qc7 10. Qe4 $2 (10. Na3 a6
$15) 10... Nd7 $17 {Quite amazing, but already here White has big difficulties.
} 11. Re1 $2 (11. Nxd7 Bxd7 12. h3 Nf6 13. Qe3 cxd4 14. Qxd4 $17) (11. Bxd5 Nf6
12. Qe2 Nxd5 $15 {/-/+.}) 11... cxd4 12. cxd4 Nxe5 13. dxe5 Bxe5 $1 {Simply
wins a pawn.} 14. Qxe5 Qxc4 15. Nc3 Nxc3 16. bxc3 f6 17. Qg3 e5 {The presence
of the opposite-coloured bishops make White's task in no case easier. After
Blackk activates his bishop, there will be no defence against the rasing
initiative.} 18. f4 e4 19. Be3 Bd7 20. Bd4 Bc6 21. Re3 a5 22. Qh4 Rad8 $19 {
That's it. Now it becomes clear that Black will simply sac an exchange and
White will not be able any longer to keep the dark-square blockade.} 23. Rf1
Qxa2 24. Rh3 h6 25. Rg3 Kh8 26. f5 Rxd4 27. cxd4 Qd2 28. Qg4 Qxd4+ 29. Kh1 Qd7
30. Rd1 Qf7 31. Qf4 a4 32. Rd6 Ra8 33. Qd2 Kh7 34. Qc1 Ra5 35. h3 Rxf5 36. Qc2
Qe7 37. Rd1 Re5 38. Re3 f5 39. Rf1 Rc5 40. Qf2 Qe5 41. Qh4 b5 0-1

[Event "Vidmar Memorial 16th"]
[Site "Portoroz"]
[Date "2005.07.16"]
[Round "8"]
[White "Pavasovic, Dusko"]
[Black "Borisek, Jure"]
[Result "1-0"]
[WhiteElo "2566"]
[BlackElo "2509"]
[Annotator "Rogozenco,D"]
[PlyCount "99"]
[EventDate "2005.07.09"]
[EventType "tourn"]
[EventRounds "9"]
[EventCountry "SLO"]
[EventCategory "12"]
[SourceTitle "CBM 108"]
[Source "ChessBase"]
[SourceDate "2005.09.26"]
[SourceVersion "1"]
[SourceVersionDate "2005.09.26"]
[SourceQuality "1"]

1. e4 c5 2. c3 Nf6 3. e5 Nd5 4. Nf3 Nc6 5. Bc4 Nb6 6. Bb3 d5 7. exd6 Qxd6 8.
O-O ({The move order} 8. Na3 Be6 9. d4 {has gained some popularity lately})
8... Be6 9. Bxe6 Qxe6 10. a4 $5 (10. d4 cxd4 $11) 10... Qd7 (10... Rd8 {
has been played before. After} 11. a5 Nd5 (11... Nc4 12. a6 bxa6 $13) 12. d4 {
White has the initiative} ({or} 12. a6)) (10... g6 11. a5 Nd7 12. d4 cxd4 13.
Nxd4 (13. cxd4 $5) 13... Qd5 14. a6 b6 15. Nxc6 Qxc6 16. Qe2 Bg7 17. Na3 e6 18.
Nb5 O-O 19. Rd1 $14) 11. a5 Nd5 12. d4 e6 (12... cxd4 13. Nxd4 e6 14. a6 b6 15.
Qa4 Nxd4 16. Qxd4 f6 $13) 13. Ne5 $1 (13. a6 b6 (13... b5 $5 14. Na3 Rb8 15.
Qe2 c4 $13) 14. Ne5 Nxe5 15. dxe5 c4 $13) 13... Nxe5 (13... Qc7 14. Qa4 Rc8 15.
a6 (15. Na3 Qxa5 16. Qxa5 Nxa5 17. Nb5 a6 18. Rxa5 axb5 19. Rxb5 cxd4 $13 {/=})
(15. c4 Nf6 16. Bf4 Nh5 $11) 15... bxa6 $13 (15... b6 16. c4 Nf6 17. Bf4 Nh5
18. d5 $1 Nxf4 19. Nxc6 Qd7 20. Nxa7 $18)) 14. dxe5 Ne7 $2 (14... Qc6 15. c4
Nc7 16. Bg5 $36) (14... c4 $142 $13) 15. Na3 Nc6 16. a6 b6 (16... bxa6 $142 17.
Nc4 Qxd1 18. Rxd1 Rd8 $14) 17. Qxd7+ Kxd7 18. Rd1+ Kc8 19. Bg5 h6 20. Bh4 g5
21. Bg3 Be7 22. Nb5 $16 {The pawn formation on the queenside (fixed weakness
on a7 with the knight on b5) secures White a large advantage.} h5 23. h3 h4 24.
Bh2 Nb8 $6 ({Necessary was} 24... Rd8 25. Rxd8+ (25. f4 $5 $16) 25... Kxd8 26.
f4 gxf4 27. Bxf4 Rc8 28. g3 hxg3 29. Bxg3 Ke8 {[%cal Gc8d8]}) 25. f4 gxf4 26.
Bxf4 Rd8 (26... Nd7 27. Ra4 Nf8 28. g3 $5 Ng6 (28... hxg3 29. Kg2 Ng6 30. Bxg3
$16) 29. Kg2 $16 {[%csl Ra8]}) 27. Rxd8+ Kxd8 28. g3 Kd7 29. gxh4 c4 30. h5 {
White is winning.} Kc6 31. Nd4+ Kd5 32. Kg2 Bc5 33. Nf3 Ke4 34. Bg5 Nd7 35. Rd1
Nf8 (35... Nxe5 36. Re1+ $18) 36. h4 Kf5 37. Kg3 b5 38. Bf6 Be3 39. Nd4+ Ke4
40. Nxb5 Bc5 41. Nd6+ Bxd6 42. Rd4+ Ke3 43. exd6 Nd7 44. Bg5+ Ke2 45. Rxc4 f6
46. Rc7 Rd8 47. Rxd7 Rxd7 48. Bxf6 Rxd6 49. h6 Rd7 50. Kf4 1-0

[Event "Vidmar Memorial 16th"]
[Site "Portoroz"]
[Date "2005.07.13"]
[Round "5"]
[White "Pavasovic, Dusko"]
[Black "Beliavsky, Alexander G"]
[Result "1-0"]
[WhiteElo "2566"]
[BlackElo "2599"]
[Annotator "Rogozenco,D"]
[PlyCount "72"]
[EventDate "2005.07.09"]
[EventType "tourn"]
[EventRounds "9"]
[EventCountry "SLO"]
[EventCategory "12"]
[SourceTitle "CBM 108"]
[Source "ChessBase"]
[SourceDate "2005.09.26"]
[SourceVersion "1"]
[SourceVersionDate "2005.09.26"]
[SourceQuality "1"]

1. e4 c5 2. c3 Nf6 3. e5 Nd5 4. Nf3 Nc6 5. Bc4 Nb6 6. Bb3 c4 7. Bc2 d6 8. exd6
Qxd6 9. O-O Bg4 10. Re1 {In this complicated strategical position both sides
have their chances. It may appear that Black's development advantage and
pressure on the d-file should prevail, but in fact White has better prospects
in the center thanks to the plan b2-b3 and then after trading opponent's
c-pawn White will advance his d-pawn. D.Pavasovic has a vast experience in
such positions.} (10. h3) 10... Qf6 $146 {A new plan: before playing ...e6
Beliavsky transfers the queen to the kingside.} (10... Ne5 11. Rxe5 Bxf3 12.
Qe1 Bd5 13. b3 $13 e6 14. Ba3 Qc6 15. Rg5 $146 (15. Bxf8 Kxf8 16. Rg5 f6 17.
Rg3 h5 18. Na3 h4 19. Rg4 $13 {1-0 Adams,M (2660)-Miladinovic,I (2555)/
Belgrade 1995 (43)}) 15... f6 16. Rg3 O-O-O 17. Bxf8 Rhxf8 18. Na3 $14 {
0-1 Pavasovic,D (2593)-Wells,P (2525)/Warsaw 2005 (40)}) (10... e6 11. h3 (11.
b3 cxb3 (11... Be7 $142) 12. axb3 Be7 13. d4 Qd8 14. Be4 Bh5 15. Qd3 Bg6 16.
Nbd2 Nd5 17. Bxg6 hxg6 18. Ne4 Qc7 19. b4 Rd8 20. Neg5 Bxg5 21. Bxg5 Rc8 22.
Bd2 a6 23. c4 Ncxb4 24. Qb1 Qxc4 25. Rc1 Qxc1+ 26. Bxc1 O-O 27. Bd2 Rc4 28.
Bxb4 Rxb4 29. Qc2 Rb6 30. Ne5 Rd6 31. Qc5 Rdd8 32. Qa7 f6 33. Nxg6 Rf7 34. h4 {
1-0 Pavasovic,D (2547)-Freitag,M (2388)/Austria 2002}) 11... Bh5 12. b3 Be7 (
12... Bg6 13. Ba3 Qd5 14. Bxf8 Kxf8 15. Na3 Rd8 $13 {0-1 Nunn,J (2605)-Anand,V
(2715)/Monte Carlo 1994}) 13. Na3 cxb3 (13... Qc5 14. b4 Qd6 15. Qe2 Qc7 16.
Be4 a5 17. bxa5 Rxa5 18. Nxc4 Nd4 19. cxd4 Nxc4 20. d3 Nb6 21. Bd2 Ra7 22. Rec1
Qd8 23. Bf4 Nd5 24. Bxd5 Qxd5 25. Rc8+ Bd8 26. Qe5 Qxe5 27. Nxe5 f6 28. Nc4 O-O
29. Bd6 Be7 30. Rc7 $16 {1-0 Rozentalis,E (2619)-Souleidis,G (2398)/Hamburg
2004 (42)}) 14. axb3 O-O 15. d4 a6 16. Nc4 Nxc4 17. bxc4 $14 {/+/- 1-0
Pavasovic,D (2591)-Ramesa,M (2204)/Rabac 2004 (67)}) 11. b3 e6 (11... Nb4 $2
12. cxb4 Qxa1 13. Nc3 $18) ({The logical follow-up of the previous move was} 
11... Bxf3 12. Qxf3 (12. gxf3 $2 Ne5 $36) 12... Qxf3 13. gxf3 e6 $13) 12. Be4
O-O-O 13. Qe2 Bd6 (13... cxb3 14. axb3 $16) 14. bxc4 Bxf3 15. Bxf3 Qf4 16. g3
Qxc4 17. d3 {White's attacking prospects look more realistic, although the
position remains very complicated.} Qa6 18. Bxc6 $5 {An interesting decision
to break opponent's pawn structure} (18. Nd2 Ne5 $13) 18... bxc6 19. Bg5 (19.
Qf3 Qb7 20. Nd2 $14) (19. a4 $5 $36) 19... Rd7 (19... f6 20. Qxe6+ Kb8 21. Be3
Qxd3 22. Nd2 Qxc3 (22... Rhe8 23. Qb3 Qb5 24. Qc2 $16 {[%csl Rb8]}) 23. Rac1
Qe5 24. Qb3 $44) 20. Nd2 Bc7 (20... Qa5 $2 21. Be3 $16 {[%cal Gd2b3]} (21. Ne4
Bc7 22. c4 $5 $14)) 21. c4 h6 22. Be3 Rhd8 23. Nb3 Na4 $1 {Otherwise Black is
in troubles} 24. d4 e5 25. dxe5 Bxe5 26. Rac1 Bc3 27. Nc5 (27. Red1 $142 Rxd1+
28. Rxd1 Rxd1+ 29. Qxd1 Qxc4 30. Qd6 $5 (30. Bxa7 Kc7 $13 {/=}) 30... Bb4 31.
Qe5 $44) 27... Nxc5 28. Rxc3 Qa5 $1 29. Rc2 (29. Qf3 Qxc3 30. Qxc6+ Rc7 (30...
Kb8 $2 31. Bf4+ $18) 31. Qa8+ Kd7 32. Qd5+ Kc8 33. Qa8+ $11) 29... Nd3 (29...
Qxe1+ 30. Qxe1 Rd1 31. Kf1 Rxe1+ 32. Kxe1 Nd3+ (32... Ne6 33. Bxa7 c5 34. Bb6
Rd6 35. Ba5 $16) 33. Ke2 a6 $14) 30. Rb1 Qf5 31. Rf1 {This safe, but passive
move shows that Black succeeded to take over the initiative. The strong knight
on d3 is well protected, athough with accurate play White is able to keep the
balance thanks to the fact that Black's king always needs protection.
Apparently the next moves were made in time trouble.} h5 32. Rc3 h4 33. Rb3 Rb7
34. Rfb1 Rxb3 35. Rxb3 Rd6 $4 (35... h3 $2 36. Bxa7) (35... Qe4 $4 36. Rb8+
Kxb8 37. Bxa7+ (37. Bf4+ $4 Nxf4 38. Qxe4 Rd1+) 37... Kxa7 38. Qxe4 $18) (35...
c5 $1 $13 {[%cal Gh4h3] would have kept the position double-edged}) 36. Bf4 $1
Rd8 (36... Nxf4 37. Qe8+ Kc7 38. Qb8+ Kd7 39. Rb7+ Ke6 40. Qe8+ Kf6 41. Rxf7+ {
and White takes the queen with check}) (36... Rd8 37. Rb8+ (37. Qe7 $18) 37...
Kd7 38. Rb7+ Kc8 39. Qe7 $18) 1-0

[Event "Dubai op"]
[Site "Dubai"]
[Date "2001.04.20"]
[Round "6"]
[White "Neverov, Valeriy"]
[Black "Vladimirov, Yevgeniy"]
[Result "0-1"]
[WhiteElo "2562"]
[BlackElo "2612"]
[Annotator "Rogozenco,D"]
[PlyCount "60"]
[EventDate "2001.04.15"]
[EventType "swiss"]
[EventRounds "9"]
[EventCountry "UAE"]
[SourceTitle "CBM 083"]
[Source "ChessBase"]
[SourceDate "2001.07.05"]
[SourceVersion "1"]
[SourceVersionDate "2001.07.05"]
[SourceQuality "1"]

1. Nf3 c5 2. e4 Nc6 3. c3 Nf6 4. e5 Nd5 5. d4 cxd4 6. cxd4 d6 7. Bc4 Nb6 8. Bb5
Bd7 {The main move 8. ... dxe5 equalizes, but has the drawback of leading
almost forced to many drawish positions. 8. ... Bd7 might be objectively
slightly weaker, but has the main idea to avoid quick endgame and the arising
positions are more complicated.} (8... dxe5 9. Nxe5 Bd7 $11) 9. exd6 exd6 (9...
e6 10. Bg5 Qb8 11. Nc3 Bxd6 12. O-O O-O 13. Re1 a6 14. Bf1 {1/2-1/2 Godena,
M-Efimov,I/Genoa 1998}) 10. Nc3 Be7 11. d5 (11. O-O O-O 12. h3 Bf5 13. Bf4 Rc8
14. Re1 Nb4 15. Rc1 a6 $11 {1/2-1/2 Godena,M-Bologan,V/Reggio Emilia 1996/ (24)
}) 11... Nb4 $5 {[%csl Rd5] A bit provocative. Of course a normal reaction now
would be to play sooner or later a2-a3 , but it seems that GM Neverov wanted
to avoid playing it and tried to prove that the position of the Knight on b4
is unstable. However, in the concrete play he failed to do so.} (11... Na5 12.
Qd3 Rc8 13. O-O O-O $14 {/=.}) (11... Ne5 12. Nxe5 dxe5 13. d6 $14) 12. Bxd7+
Qxd7 13. O-O O-O 14. Be3 {White must be careful not to get troubles with the
d5-pawn. Black wants Bf6 and simply take on c3 and d5.} (14. a3 $6 Na6 15. b4
$2 Bf6 16. Bd2 Nc7 $17 {[%csl Rd5]}) 14... Bf6 15. Bxb6 (15. Qb3 Bxc3 16. Bxb6
axb6 (16... Na6 $5 17. bxc3 (17. Qxc3 axb6 $13) 17... axb6 18. Qxb6 Nc5 {
with some compensation for the pawn.}) 17. bxc3 Nd3 18. Qxb6 Nf4 $1 $132 {
[%cal Rd7g4]}) 15... axb6 16. Ne4 (16. a3 {Probably this was the right time
for a3. White decided to sac a pawn on b2 instead and take the initiative. An
interesting but rather dubious decision because Black had several ways to get
a good play.} Na6 17. Qb3 Nc5 (17... Bxc3 $5 18. bxc3 Rfc8) 18. Qxb6 Rfc8 $44)
16... Bxb2 17. Rb1 Ba3 (17... Rxa2 $2 18. Qb3 $18) 18. Qd2 Ra4 (18... Na6 19.
Rxb6 Nc5 20. Ng3 $13 {With his Bishop on f6 instead of a3 Black would be
better, but in this case the position is balanced, probably close to equal.})
19. Rb3 $6 (19. Nc3 Ra5 20. Rb3 $13 {was better, keeping the pressure on the
queenside.}) 19... Na6 20. Nd4 Re8 $15 21. Nf6+ $5 {Now becomes clear that
White connected his 19.Rb3 idea with this kingside attack. It is a nice idea
indeed and Black is forced to give up the queen. He will have a Rook, Knight
and Bishop for it though and White will be the one to fight for a draw.} gxf6
22. Rg3+ Kf8 (22... Kh8 $4 23. Qh6 {mating.}) 23. Ne6+ $1 (23. Qh6+ Ke7 24.
Re1+ Kd8 25. Qxf6+ Kc8 {and the king runs away.}) 23... fxe6 (23... Ke7 $2 24.
Qe2 {with a very strong attack. In a practical game Black has no chances to
survive here.}) 24. Qh6+ Ke7 25. Rg7+ Kd8 26. Rxd7+ Kxd7 27. Qxh7+ Kd8 28. Qxb7
{The forced lines are finished and White ended up in an inferiour position.
Black king is quite safe, and White has no attack any longer while his pawns
don't count as a real power yet. Black has material advantage, but still a
long way to convert it into a win, if possible at all.} Nc7 29. Qb8+ (29. dxe6
Rxe6 30. Qxb6 Bc5 $15 {/-/+.}) 29... Kd7 30. dxe6+ $4 {Probably in severe time
trouble White suddenly blunders after playing a very interesting game.} (30.
Qxb6 $17) 30... Kc6 $1 {The queen is trapped.} 0-1